| 000 | 00552nam a2200193Ia 4500 | ||
|---|---|---|---|
| 003 | GCL | ||
| 008 | 140319s9999 xx 000 0 ara d | ||
| 040 |
_aGCL / _cGCL |
||
| 082 | 0 | 4 |
_aفيديو _b227 |
| 100 | 1 | _aفريد شوقى (ممثل) | |
| 245 | 1 | 0 |
_aفتوة الناس الغلابة / _cفريد شوقى (ممثل) |
| 700 | 1 | _aنيازى مصطفى | |
| 700 | 1 | _aبوسى (ممثلة) | |
| 260 |
_a[S.N] : _bلا يوجد |
||
| 490 | _a | ||
| 650 | 0 | 4 | _aافلام سينمائية |
| 650 | 0 | 4 | _aشرائط فيديو |
| 942 |
_2ddc _cBK |
||
| 999 |
_c37399 _d37399 |
||